000 00401nam a22001457a 4500
005 20170726161429.0
008 170726b xxu||||| |||| 00| 0 eng d
020 _a978-81-9-33475-9-1
041 _aeng
100 _aMANNA, MANPREET SINGH
_93889
245 _aHIGHER EDUCATION FACULTY CAREER ORIENTATION AND ADVANCEMENT
260 _aNEW DELHI
_bCEGR, BHARTY PUBLICATION
300 _a389
942 _cBK
999 _c5510
_d5508